000 00732cam a22002417i 4500
001 25801
003 BD-RjUL
005 20211209050929.0
008 140319s1979 bg 000 0 eng
035 _a(BD-RjUL)25871
035 _a(DLC)880287
035 _a(DLC)79907545
040 _aDLC
_cDLC
_dDLC
_dBD-RjUL
_beng
041 _aeng
082 _a954.145
_bUMI 1979
100 1 _aUmara, Badaruddīna,
_d1931-
_979264
245 1 0 _aImperialism and general crisis of the bourgeoisie in Bangladesh /
_cBadruddin Umar.
260 _aDacca ;
_bProgoti Prakashani :
_bdistributed by Nawroze Kitabistan,
_c1979.
300 _aii, 118 p. ;
_c22 cm.
650 _ageneral crisis
_979265
942 _2ddc
_cBK
999 _c25801
_d25801